<?xml version="1.0" encoding="UTF-8"?>
<collection xmlns="http://www.loc.gov/MARC21/slim">
 <record>
  <leader>01762nam a22002295  4500</leader>
  <controlfield tag="001">1/46327</controlfield>
  <controlfield tag="008">160525s2015    gr       b    0001  gre d</controlfield>
  <datafield tag="020" ind1=" " ind2=" ">
   <subfield code="a">9789603339366</subfield>
  </datafield>
  <datafield tag="035" ind1=" " ind2=" ">
   <subfield code="l">49302</subfield>
  </datafield>
  <datafield tag="040" ind1=" " ind2=" ">
   <subfield code="a">GR-PeUP</subfield>
  </datafield>
  <datafield tag="082" ind1="0" ind2="0">
   <subfield code="a">616.85'2 2 ΠΛΩ</subfield>
  </datafield>
  <datafield tag="100" ind1="1" ind2=" ">
   <subfield code="a">Πλωμαρίτου, Βασιλική.</subfield>
  </datafield>
  <datafield tag="245" ind1="1" ind2="2">
   <subfield code="a">Ο τελευταίος πανικός :</subfield>
   <subfield code="b">αποτελεμστική διαχείριση των κρίσεων πανικού /</subfield>
   <subfield code="c">Βασιλική Πλωμαρίτου ; [επιμέλεια έκδοσης: Ριχάρδος Ιζολαμπέλλα].</subfield>
  </datafield>
  <datafield tag="260" ind1=" " ind2=" ">
   <subfield code="a">Αθήνα :</subfield>
   <subfield code="b">Γρηγόρη,</subfield>
   <subfield code="c">2015.</subfield>
  </datafield>
  <datafield tag="300" ind1=" " ind2=" ">
   <subfield code="a">149 σ. :</subfield>
   <subfield code="b">πίν., διαγρ. ;</subfield>
   <subfield code="c">21 εκ.</subfield>
  </datafield>
  <datafield tag="500" ind1=" " ind2=" ">
   <subfield code="a">Από τη σελίδα τίτλου: Ένα βιβλίο αυτοβοήθειας που σας δίνει τη δυνατότητα να αντιμετωπίσετε και να ξεπεράσετε τις κρίσεις πανικού αλλάζοντας τον τρόπο που σκέφτεστε, που αισθάνεστε και συμπεριφέρεστε. Στις σελίδες του θα βρείτε τον τρόπο να δημιουργήσετε έναν ήρεμο και γαλήνιο τρόπο ζωής, να πετύχετε τους στόχους σας και να ελέγχετε το ίδιο σας το μέλλον.</subfield>
  </datafield>
  <datafield tag="504" ind1=" " ind2=" ">
   <subfield code="a">Βιβλιογραφία: σ. 145-149.</subfield>
  </datafield>
  <datafield tag="650" ind1=" " ind2="4">
   <subfield code="a">Κρίσεις πανικού.</subfield>
  </datafield>
  <datafield tag="650" ind1=" " ind2="4">
   <subfield code="a">Τεχνικές αυτοβοήθειας.</subfield>
  </datafield>
  <datafield tag="650" ind1=" " ind2="4">
   <subfield code="a">Panic disorders</subfield>
   <subfield code="x">Popular works.</subfield>
  </datafield>
  <datafield tag="650" ind1=" " ind2="4">
   <subfield code="a">Self-help techniques.</subfield>
  </datafield>
  <datafield tag="852" ind1=" " ind2=" ">
   <subfield code="a">INST</subfield>
   <subfield code="b">UNIPILB</subfield>
   <subfield code="c">MAIN</subfield>
   <subfield code="e">20160525</subfield>
   <subfield code="h">616.85'2 2 ΠΛΩ</subfield>
   <subfield code="p">00175057</subfield>
   <subfield code="q">00175057</subfield>
   <subfield code="t">LOAN</subfield>
   <subfield code="y">0</subfield>
   <subfield code="4">1</subfield>
  </datafield>
 </record>
</collection>
